|
|
|
|
| LEADER |
00590nam a22001817a 4500 |
| 999 |
|
|
|c 144905
|d 144905
|
| 082 |
|
|
|a S 379.24
|b SUD/P
|
| 100 |
|
|
|a Sudesh Kumar Sharma
|
| 245 |
|
|
|a Proudh Shiksha/
|c by Sudesh Kumar Sharma
|
| 260 |
|
|
|a Jaipur:
|b Deepamadhav Prakashan,
|c 2006.
|
| 300 |
|
|
|a 150p.
|
| 650 |
|
|
|a Literacy Policies
|
| 650 |
|
|
|a Public Policies
|
| 650 |
|
|
|a Public Education
|
| 650 |
|
|
|a Education
|
| 650 |
|
|
|a Social Sciences
|
| 942 |
|
|
|c BK
|
| 952 |
|
|
|0 0
|1 0
|4 0
|6 S_379_240000000000000_SUD_P
|7 0
|9 103009
|a SSUS
|b SSUS
|c STACKS
|d 2020-07-10
|g 240.00
|o S 379.24 SUD/P
|p 059311
|r 2020-07-10
|w 2020-07-10
|y BK
|